L'"incomparable" Isabelle La Catholique / (Record no. 106674)
[ view plain ]
| 000 -LEADER | |
|---|---|
| campo de control de longitud fija | 00712nam a2200229 i 4500 |
| 001 - NÚMERO DE CONTROL | |
| campo de control | 106674 |
| 003 - IDENTIFICADOR DE NÚMERO DE CONTROL | |
| campo de control | ES-MaACL |
| 005 - FECHA Y HORA DE LA ÚLTIMA TRANSACCIÓN | |
| campo de control | 20230906184233.0 |
| 007 - CAMPO FIJO DE DESCRIPCIÓN FÍSICA--INFORMACIÓN GENERAL | |
| campo de control de longitud fija | t| |
| 008 - DATOS DE LONGITUD FIJA--INFORMACIÓN GENERAL | |
| campo de control de longitud fija | 061214s1992 fr ||||1| fre d |
| 020 ## - NÚMERO INTERNACIONAL ESTÁNDAR DEL LIBRO | |
| Número Internacional Estándar del Libro | 2-7413-0018-6 |
| 080 ## - NÚMERO DE LA CLASIFICACIÓN DECIMAL UNIVERSAL | |
| Número de la Clasificación Decimal Universal | 929 Isabel (460) I |
| 080 ## - NÚMERO DE LA CLASIFICACIÓN DECIMAL UNIVERSAL | |
| Número de la Clasificación Decimal Universal | 94(460)"1474/1516" |
| 100 1# - ENTRADA PRINCIPAL--NOMBRE DE PERSONA | |
| Nombre de persona | Dumont, Jean. |
| 9 (RLIN) | 46008 |
| 245 12 - MENCIÓN DEL TÍTULO | |
| Título | L'"incomparable" Isabelle La Catholique / |
| Mención de responsabilidad, etc. | Jean Dumont. |
| 260 ## - PUBLICACIÓN, DISTRIBUCIÓN, ETC. | |
| Lugar de publicación, distribución, etc. | Paris : |
| Nombre del editor, distribuidor, etc. | Criterion, |
| Fecha de publicación, distribución, etc. | [1992] |
| 300 ## - DESCRIPCIÓN FÍSICA | |
| Extensión | 235 p. ; |
| Dimensiones | 24 cm. |
| 500 ## - NOTA GENERAL | |
| Nota general | Biblioteca Jacinto Martínez Lacalle. |
| 600 04 - PUNTO DE ACCESO ADICIONAL DE MATERIA--NOMBRE DE PERSONA | |
| Nombre de persona | Isabel |
| Numeración | I, |
| Títulos y otros términos asociados al nombre | Reina de Castilla. |
| 9 (RLIN) | 175419 |
| 651 ## - PUNTO DE ACCESO ADICIONAL DE MATERIA--NOMBRE GEOGRÁFICO | |
| Nombre geográfico | España- |
| Subdivisión general | Historia- |
| Subdivisión cronológica | 1474-1516, Reyes Católicos. |
| 9 (RLIN) | 8222 |
| 852 ## - LOCALIZACIÓN | |
| Ubicación | ES-MaACL |
| Número de control de estantería | E-11429 |
| Sublocalización o colección | R.139037 |
| Estatus retirado | Estado de pérdida | Estado de daño | No para préstamo | Biblioteca de origen | Biblioteca actual | Ubicación en estantería | Fecha de adquisición | Fuente de adquisición | Total de préstamos | Signatura topográfica completa | Código de barras | Visto por última vez | Precio de reemplazo | Tipo de ítem Koha |
|---|---|---|---|---|---|---|---|---|---|---|---|---|---|---|
| Biblioteca del Ateneo de Madrid | Biblioteca del Ateneo de Madrid | Depósito 2 | 17/01/2008 | E-11429 | 1111346 | 23/02/2023 | 23/02/2023 | Libro impreso |
